000
00329nam a2200133Ia 4500
008
250111s9999 xx 000 0 und d
020
_a
9780446385015
100
_a
GIRARD, JOE
245
0
_a
HOW TO SELL YOURSELF
260
_b
LIBRARY OF CONGRESS CATALOGING
_c
2013
300
_a
302
650
_a
Sells & Service
942
_c
BK
999
_c
219837
_d
219837